header

Respiratory system (Record no. 253862)

MARC details
000 -LEADER
fixed length control field 00504nam a22001937a 4500
003 - CONTROL NUMBER IDENTIFIER
control field OSt
005 - DATE AND TIME OF LATEST TRANSACTION
control field 20160518134313.0
008 - FIXED-LENGTH DATA ELEMENTS--GENERAL INFORMATION
fixed length control field 160518b xxu||||| |||| 00| 0 eng d
010 ## - LIBRARY OF CONGRESS CONTROL NUMBER
LC control number 2005052203
020 ## - INTERNATIONAL STANDARD BOOK NUMBER
International Standard Book Number 9781416029915
040 ## - CATALOGING SOURCE
Transcribing agency n/a
050 ## - LIBRARY OF CONGRESS CALL NUMBER
Classification number QP121
Item number .M94 2006
100 ## - MAIN ENTRY--PERSONAL NAME
Personal name Myers,Adam
245 ## - TITLE STATEMENT
Title Respiratory system
Statement of responsibility, etc Adam Myers
250 ## - EDITION STATEMENT
Edition statement 1st ed.
260 ## - PUBLICATION, DISTRIBUTION, ETC. (IMPRINT)
Place of publication, distribution, etc Philadelphia :
Name of publisher, distributor, etc Mosby/Elsevier,
Date of publication, distribution, etc c2006.
300 ## - PHYSICAL DESCRIPTION
Extent ix, 242 p.
Other physical details ill.
Dimensions 26 cm.
942 ## - ADDED ENTRY ELEMENTS (KOHA)
Source of classification or shelving scheme Library of Congress Classification
Koha item type Long Loan Books
Holdings
Withdrawn status Lost status Source of classification or shelving scheme Damaged status Not for loan Collection code Home library Current library Shelving location Date acquired Total Checkouts Full call number Barcode Date last seen Date checked out Price effective from Koha item type
    Library of Congress Classification     Non-fiction Rongo University Library Rongo University Library General Stacks 18/05/2016 1 QP121 .M94 2006 201612567 07/11/2019 23/10/2019 18/05/2016 Long Loan Books

© 2026 Rongo University
Contact us: librarian | system librarian | Rongo university